Statistiques concernant Pays du monde en 11 lettres

Cliquez ici pour prendre le quiz!

Statistiques générales

  • Ce quiz a été pris 65 fois
    (26 depuis la dernière actualisation)
  • Le résultat moyen est 7 sur 12

Statistiques - réponses

ContinentPays% Correct
AsieAfghanistan
83%
AsieOuzbekistan
83%
AsieTadjikistan
65%
AsieAzerbaidjan
61%
EuropeBiélorussie
61%
AsieCorée du Nord
57%
AfriqueBurkina Faso
52%
AsiePhilippines
52%
AfriqueSoudan du Sud
52%
AmériqueSainte-Lucie
48%
AfriqueSierra Léone
43%
AfriqueCôte d'Ivoire
35%

Distribution des résultats

Percentile par nombre de réponses

% des personnes avec chaque résultat

Votre développement - résultats

Vous n’avez pas pris ce quiz depuis la dernière actualisation